Ako naše vnímanie komunikácie ovplyvňuje náš cudzojazyčný prejav?
Psycholingvistický pohľad na komunikáciu jednotlivca v cudzom jazyku. Autorka k tomuto pohľadu pridáva pragmalingvistický pohľad. Jednou z najdôležitejších zákonitostí v pragmalingvistickom štúdiu komunikácie je princíp zdvorilosti v komunikácii v cudzom jazyku a jeho transferenčné špecifiká medzi...
Gespeichert in:
| 1. Verfasser: | |
|---|---|
| Format: | Buchkapitel |
| Sprache: | Slowakisch |
| Schlagworte: | |
| Tags: |
Keine Tags, Fügen Sie das erste Tag hinzu!
|
MARC
| LEADER | 00000naa$a2200000$$$4500 | ||
|---|---|---|---|
| 001 | 0166054 | ||
| 005 | 20240502083406.7 | ||
| 041 | 0 | |a slo | |
| 044 | |a CZ | ||
| 245 | 1 | 0 | |a Ako naše vnímanie komunikácie ovplyvňuje náš cudzojazyčný prejav? |c Zuzana Fráterová |
| 520 | |a Psycholingvistický pohľad na komunikáciu jednotlivca v cudzom jazyku. Autorka k tomuto pohľadu pridáva pragmalingvistický pohľad. Jednou z najdôležitejších zákonitostí v pragmalingvistickom štúdiu komunikácie je princíp zdvorilosti v komunikácii v cudzom jazyku a jeho transferenčné špecifiká medzi rozličnými jazykmi. | ||
| 610 | 2 | 0 | |a jazyky cudzie |
| 610 | 2 | 0 | |a prejavy |
| 610 | 2 | 0 | |a komunikácia interpersonálna |
| 610 | 2 | 0 | |a komunikácia interkultúrna |
| 610 | 2 | 0 | |a komunikácia multikultúrna |
| 610 | 2 | 0 | |a komunikácia verbálna |
| 610 | 2 | 0 | |a psychológia |
| 100 | 1 | |a Fráterová, Zuzana | |